000 00612nam a2200157 a 4500
001 000027883
005 20200930031155.0
008 110405s1971 dr 000 0 spa d
040 _aDO-SdBNP
_bspa
_cBNPHU
082 _axxx
_bU58r
110 1 _aRepública Dominicana
_bSecretaría de Estado de Educación Pública y Bellas Artes
_936650
245 1 0 _aUnión ciclista internacional :
_breglas oficiales de ciclismo.
260 _aSanto Domingo :
_bSecretaría de Estado de Educación, Bellas Artes y Cultos :
_bDirección General de Educación Física Escolar,
_c1971.
300 _a79 p. ;
_c20 cm.
049 _aBNPD
999 _c27375
_d27375